Online Catalogue and eLibrary

History writing : (Record no. 4963)

MARC details
000 -LEADER
fixed length control field 00450nam a2200169Ia 4500
005 - DATE AND TIME OF LATEST TRANSACTION
control field 20241120034040.0
008 - FIXED-LENGTH DATA ELEMENTS--GENERAL INFORMATION
fixed length control field 240331s9999 xx 000 0 und d
020 ## - INTERNATIONAL STANDARD BOOK NUMBER
ISBN 9555800561
082 ## - DDC Classification
Item Number - Author Mark WIC
Class No. 900
100 ## - MAIN ENTRY--PERSONAL NAME
Personal name Wickramasinghe,N
245 #0 - TITLE STATEMENT
Title History writing :
Remainder of title new trends and methodologies
260 ## - PUBLICATION, DISTRIBUTION, ETC.
Place of publication, distribution, etc. Colombo
Name of publisher, distributor, etc. International Centre for Ethic Studies
Date of publication, distribution, etc. 2001
300 ## - PHYSICAL DESCRIPTION
Extent (e.g. Volumes, Pages etc.) IX, 98 P .,
650 ## - SUBJECT ADDED ENTRY--TOPICAL TERM
Topical term or geographic name entry element History
650 ## - SUBJECT ADDED ENTRY--TOPICAL TERM
Topical term or geographic name entry element Political
942 ## - Koha item type (Biblio)
Koha item type Books in Stacks (Lending)
Holdings
Lost status Damaged status Collection code Home library Current library Shelving location Date acquired Full call number Accession Number Item type
    Lending WERC Library WERC Library Social Science Cupboard 03/31/2024 900 WIC 6567 Books in Stacks (Lending)

© WERC Library